000 00598nam a2200241Ia 4500
005 20260320201004.0
008 008 262003s9999 xx 000 0 eng d
037 _aEBOOK
040 _aCRL
040 _beng
040 _cCRL
041 _2eng
041 _aeng
084 _qCRL
100 _aKalsi
_91107351
245 0 _aApplications of High Temperature Superconductors to Electric Power Equipment
260 _bIEEE
260 _c2011
856 _uhttps://ieeexplore.ieee.org/servlet/opac?bknumber=5732778
942 _cEBOOK
999 _c1718126
_d1718126